Asian - Pacific Leadership

Saved in:
Bibliographic Details
Main Author: Hiemenz, Ulrich
Format: Book
Language:English
Published: Kiel Institut für Weltwirtschaft 1991
Series:Kiel Working Paper No. 466
Tags: Add Tag
No Tags, Be the first to tag this record!

MARC

LEADER 00000nam a2200000 4500
001 c034135
005 20250526083545.0
041 0 |a eng 
044 |a DE 
245 1 0 |a Asian - Pacific Leadership  |c Ulrich Hiemenz 
264 1 |a Kiel  |b Institut für Weltwirtschaft  |c 1991 
300 |a 26 s. 
490 1 |a Kiel Working Paper  |v No. 466 
830 0 |a Kiel Working Paper  |v No. 466 
100 1 |a Hiemenz, Ulrich